Transformaciones del trabajo desde una perspectiva feminista : producción, reproducción, deseo, consumo.

Αποθηκεύτηκε σε:
Λεπτομέρειες βιβλιογραφικής εγγραφής
Συγγραφή απο Οργανισμό/Αρχή: Laboratorio feminista
Μορφή: Άγνωστο
Έκδοση: Madrid, España: Tierradenadie ediciones, 2006.
Θέματα:
Ετικέτες: Προσθήκη ετικέτας
Δεν υπάρχουν, Καταχωρήστε ετικέτα πρώτοι!

MARC

LEADER 00000 a2200000 4500
003 CL-VaPUC
005 20230123154428.0
008 230109t2006 ||||| |||| 00| 0 eng d
999 |c 439429  |d 439427 
020 |a 84-932873-6-9 
040 |c Pontificia Universidad Católica de Valparaíso 
082 |2 22  |a 331.4 LAB 2006 
110 1 |a Laboratorio feminista  |9 879778 
245 |a Transformaciones del trabajo desde una perspectiva feminista : producción, reproducción, deseo, consumo. 
260 |a Madrid, España:  |b Tierradenadie ediciones,  |c 2006. 
300 |a 256 páginas. 
583 |k GC  |c 20230109 
650 |a Economía laboral   |v Análisis histórico   |x Sistemas de género   |x Mujeres trabajadoras   |9 879968 
650 0 |9 255814  |a Economía política  |v Crítica feminista   |x Historia   |y Siglos 19-20 
650 0 |9 436103  |a Mujeres en el trabajo  |v Crítica feminista   |x Historia   |x  Sistema económica y social   |y Siglos 19-20 
650 0 |a Trabajo  |x División sexual   |x Aspectos políticos y sociales  |y Siglos 19-20  |9 313876 
942 |2 ddc  |c BK 
952 |0 0  |1 0  |2 ddc  |4 0  |6 331_400000000000000_LAB_2006  |7 0  |8 A  |9 588551  |a BIBGIM  |b BIBGIM  |d 2023-01-06  |e 3  |g 22137.00  |i 5656330  |l 2  |m 1  |o 331.4 LAB 2006  |p 5656330  |q 2024-11-08  |r 2024-10-02  |s 2024-10-02  |t 1  |v 22137.00  |w 2023-01-06  |y BK  |k SSL